00407nam a2200145 4500003000900000005001700009008004100026020002600067040001300093082001700106100001900123245006400142260004500206300001000251SEACOMEC20250926125349.0250411b |||||||| |||| 00| 0 eng d a9788173815560c295.00 aSEACOMEC a530.024bK96 aKuila, S. P.  aPrinciples of Engineering Physics: Volume II cS. P. Kuila aKolkata:bNew Central Book Agency,c2009 avol-2